| 000 | 00825nam a2200277Ia 4500 | ||
|---|---|---|---|
| 003 | GCL | ||
| 008 | 140319s9999 xx 000 0 ara d | ||
| 040 |
_aGCL / _cGCL |
||
| 082 | 0 | 4 |
_a574 _bو ط |
| 100 | 1 | _aعبدالحليم منتصر | |
| 245 | 1 | 0 |
_aطبيعة الكائنات الحية / _cعبدالحليم منتصر |
| 700 | 1 | _aورث, بروك | |
| 700 | 1 | _aاندروز, روبرت | |
| 700 | 1 | _aحسين محمد اللقانى | |
| 300 | _a251 ص | ||
| 490 |
_aالالف كتاب _v0 |
||
| 650 | 0 | 4 | _aالبيئة |
| 650 | 0 | 4 | _aالسكان |
| 650 | 0 | 4 | _aالنباتات |
| 650 | 0 | 4 | _aالكائنات الحية |
| 650 | 0 | 4 | _aالاحياء، علم |
| 650 | 0 | 4 | _aالوراثة - الاحياء |
| 650 | 0 | 4 | _aالطحالب |
| 650 | 0 | 4 | _aالحيوانات - تربية |
| 942 |
_2ddc _cBK |
||
| 999 |
_c49882 _d49882 |
||